000 00956nam a22003137a 4500
001 BR0804604
003 BR-BrBNA
005 20230928102639.0
007 ta
008 230509b bl.||||| |||| 00| 0 por d
040 _aBR-BrBNA
_bpor
_cBiblioteca Nacional de Agricultura
041 _a(Por)
072 _aD50; L01; Q03
_b9702
090 _ 9702 BR0804604
110 1 _aMinistério da Agricultura, Pecuária e Abastecimento, Brasília, DF (Brasil). Secretaria de Defesa Agropecuária
245 1 _aInspeção de carnes bovina; padronização de técnicas, instalações e equipamentos
260 3 _aBrasília, DF (Brasil):
_c2007.
300 _a168 p.
650 _aBOVINO
650 _aCARNE
650 _aINSPEÇÃO SANITÁRIA
650 _aCURRAL
650 _aNORMALIZAÇÃO
650 _aINSTALAÇÃO PARA ANIMAL
650 _aEQUIPAMENTO AGRÍCOLA
650 _aAUTOPSIA
909 _a202309
_bLucia
_c55
_dLucia Elande
942 _cBK
999 _c71848
_d71848